Sèamtliche werke / (Record no. 78763)

MARC details
000 -LEADER
campo de control de longitud fija 00692nam a2200193 i 4500
001 - NÚMERO DE CONTROL
campo de control 78763
003 - IDENTIFICADOR DE NÚMERO DE CONTROL
campo de control ES-MaACL
005 - FECHA Y HORA DE LA ÚLTIMA TRANSACCIÓN
campo de control 20230906173815.0
007 - CAMPO FIJO DE DESCRIPCIÓN FÍSICA--INFORMACIÓN GENERAL
campo de control de longitud fija t|
008 - DATOS DE LONGITUD FIJA--INFORMACIÓN GENERAL
campo de control de longitud fija 041015s1928 gw ||||1| ger d
100 1# - ENTRADA PRINCIPAL--NOMBRE DE PERSONA
Nombre de persona Hegel, Georg Wilhelm Friedrich.
9 (RLIN) 62316
245 10 - MENCIÓN DEL TÍTULO
Título Sèamtliche werke /
Mención de responsabilidad, etc. Georg Wilhelm Friedrich Hegel ; herausgegeben von Georg Lasson.
260 ## - PUBLICACIÓN, DISTRIBUCIÓN, ETC.
Lugar de publicación, distribución, etc. Leipzig :
Nombre del editor, distribuidor, etc. Felix Meiner,
Fecha de publicación, distribución, etc. 1928.
300 ## - DESCRIPCIÓN FÍSICA
Extensión v. ;
Dimensiones 19 cm.
500 ## - NOTA GENERAL
Nota general Faltan v.1, v.3, v.5.
505 8# - NOTA DE CONTENIDO CON FORMATO
Nota de contenido con formato Contiene: V. II: Phèaemenologie des geistes. -- V. III-IV: Wissenschaft der logik. -- V. VI: Grundlinien der Philosophie des Reschts
700 1# - ENTRADA AGREGADA--NOMBRE PERSONAL
Nombre de persona Lasson, Georg.
9 (RLIN) 70484
852 ## - LOCALIZACIÓN
Ubicación ES-MaACL
Número de control de estantería B-11900-903
Holdings
Estatus retirado Estado de pérdida Estado de daño No para préstamo Biblioteca de origen Biblioteca actual Ubicación en estantería Fecha de adquisición Fuente de adquisición Total de préstamos Signatura topográfica completa Código de barras Visto por última vez Precio de reemplazo Tipo de ítem Koha
        Biblioteca del Ateneo de Madrid Biblioteca del Ateneo de Madrid Sala Pardo Bazán 17/01/2008     B-11900-903 1082376 23/02/2023 23/02/2023 Libro impreso